French Monarch by Birthday Quiz Stats

 Plays Quiz not verified by Sporcle

Score 0/31 Timer 10:00
0 Plays Today
% Correct
Robert II
100%
John I
100%
John II
100%
Charles VII
100%
Louis XII
100%
Louis XV
100%
Louis XVI
100%
Napoleon I
100%
Louis Philippe
100%
Napoleon III
100%
Henry I
88.9%
Louis IX
88.9%
Charles IV
88.9%
Louis XI
88.9%
Francis II
88.9%
Charles IX
88.9%
% Correct
Louis XIV
88.9%
Henry IV
77.8%
Charles X
77.8%
Louis VIII
66.7%
Louis X
66.7%
Charles VI
66.7%
Francis I
66.7%
Henry II
66.7%
Henry III
66.7%
Philip II
55.6%
Philip III
55.6%
Louis XVIII
55.6%
Charles V
44.4%
Charles VIII
44.4%
Louis XIII
44.4%

You're not logged in!

Compare scores with friends on all Sporcle quizzes.
OR
Log In

Show Comments

Extras

Top Quizzes Today


Score Distribution

Your Account Isn't Verified!

In order to create a playlist on Sporcle, you need to verify the email address you used during registration. Go to your Sporcle Settings to finish the process.

Report this User

Report this user for behavior that violates our Community Guidelines.

Details: